Bách khoa Vitamin
Shranjeno v:
| Glavni avtor: | |
|---|---|
| Format: | Knjiga |
| Izdano: |
Hà Nội
Hồng Đức
2015
|
| Serija: | Tủ sách thầy thuốc gia đình
|
| Teme: | |
| Oznake: |
Označite
Brez oznak, prvi označite!
|
| Thư viện lưu trữ: | Trung tâm Học liệu Lê Vũ Hùng, Trường Đại học Đồng Tháp |
|---|
| LEADER | 00831pam a22003378a 4500 | ||
|---|---|---|---|
| 001 | 00035420 | ||
| 005 | 20171026081025.0 | ||
| 008 | 161206s2015 ||||||Viesd | ||
| 020 | # | # | |c 68000 |
| 041 | 0 | # | |a Vie |
| 082 | 1 | 4 | |a 615 |b B102KH |
| 100 | 1 | # | |a Thu, Minh |
| 245 | 1 | 0 | |a Bách khoa |c Thu Minh |b Vitamin |
| 260 | # | # | |a Hà Nội |b Hồng Đức |c 2015 |
| 300 | # | # | |a 343tr. |c 21 cm. |
| 490 | # | # | |a Tủ sách thầy thuốc gia đình |
| 653 | # | # | |a Dinh dưỡng |
| 653 | # | # | |a Thuốc |
| 653 | # | # | |a Vitamin |
| 653 | # | # | |a Công dụng |
| 852 | # | # | |b Kho đọc |j KD.0019045 |
| 852 | # | # | |j KD.0019045 |
| 910 | 0 | # | |d 06/12/2016 |
| 980 | # | # | |a Trung tâm Học liệu Lê Vũ Hùng, Trường Đại học Đồng Tháp |